000 00679nam a2200193 a 4500
005 20141222111755.0
008 140123b2003 ck ||||| |||| 00| 0 spa d
040 _cCO-BoIH
041 _aspa
044 _ack
090 _aIAVH
_b00379
100 _aGallo Peña, Helena María
_94910
245 _aProyecto fortalecimiento para el desarrollo de empresas rurales a partir de productos de la biodiversidad en el Cabo de La Vela, departamento de la Guajira
_bfactibilidad del cultivo de algas marinas consultoria fase II
260 _as.l.
_bCORPOGUAJIRA
_c2003
300 _a51 p.
700 _aRincones León, Raúl Ernesto
_94911
942 _cINFORME
_2z
945 _d2005-07-08
999 _c4650
_d4650